Kabale University Library Catalogue

The Uganda likembe : (Record no. 5892)

MARC details
000 -LEADER
fixed length control field 00722cam a2200217 a 4500
003 - CONTROL NUMBER IDENTIFIER
control field OSt
005 - DATE AND TIME OF LATEST TRANSACTION
control field 20260129111613.0
008 - FIXED-LENGTH DATA ELEMENTS--GENERAL INFORMATION
fixed length control field 880721s1986 ug ag b 000 0 eng
040 ## - CATALOGING SOURCE
Original cataloging agency KABLIB
Transcribing agency KABLIB
Language of cataloging eng
Description conventions rda
082 00 - DEWEY DECIMAL CLASSIFICATION NUMBER
Classification number 781.62
Edition number 23
Item number MBA
100 0# - MAIN ENTRY--PERSONAL NAME
Personal name Mbabi, Katana.
9 (RLIN) 14855
245 14 - TITLE STATEMENT
Title The Uganda likembe :
Remainder of title its history, tuning systems, notational and compositional techniques /
Statement of responsibility, etc. by Mbabi-Katana.
260 ## - PUBLICATION, DISTRIBUTION, ETC.
Place of publication, distribution, etc. [Kampala :
Name of publisher, distributor, etc. Mbabi-Katana,
Date of publication, distribution, etc. c1986
300 ## - PHYSICAL DESCRIPTION
Extent v, 59 p. :
Other physical details ill., music ;
Dimensions 29 cm.
336 ## - CONTENT TYPE
Content type term text
Content type code txt
Source rdacontent
337 ## - MEDIA TYPE
Media type term unmediated
Media type code n
Source rdamedia
338 ## - CARRIER TYPE
Carrier type term volume
Carrier type code nc
Source rdacarrier
504 ## - BIBLIOGRAPHY, ETC. NOTE
Bibliography, etc. note Includes bibliographical references.
650 #0 - SUBJECT ADDED ENTRY--TOPICAL TERM
Topical term or geographic name entry element Mbira
Geographic subdivision Uganda.
9 (RLIN) 14856
942 ## - ADDED ENTRY ELEMENTS (KOHA)
Source of classification or shelving scheme Dewey Decimal Classification
Koha item type Book
Holdings
Withdrawn status Lost status Source of classification or shelving scheme Damaged status Not for loan Home library Current library Shelving location Date acquired Source of acquisition Total Checkouts Full call number Barcode Date last seen Price effective from Koha item type
    Dewey Decimal Classification     Education Library Education Library Reserve Section 29.01.2026 Donation   781.62 MBA 14346 29.01.2026 29.01.2026 Book
    Dewey Decimal Classification     Education Library Education Library Reserve Section 29.01.2026 Donation   781.62 MBA 14347 29.01.2026 29.01.2026 Book
    Dewey Decimal Classification     Education Library Education Library Reserve Section 29.01.2026 Donation   781.62 MBA 14348 29.01.2026 29.01.2026 Book
    Dewey Decimal Classification     Education Library Education Library Reserve Section 29.01.2026 Donation   781.62 MBA 14349 29.01.2026 29.01.2026 Book
    Dewey Decimal Classification     Education Library Education Library Reserve Section 29.01.2026 Donation   781.62 MBA 14350 29.01.2026 29.01.2026 Book

Kabale University Library | Kabale University P.O Box 317, Kabale, Uganda
Tel : +256754017033, +256774661503 E-mail : library@kab.ac.ug